000 00439nam a2200157 i 4500
001 86088
003 ES-MaACL
005 20230906175354.0
007 t|
008 041207s1960 sp ||||1| spa d
100 1 _aKerff, Gerhard.
_967900
245 1 0 _aEnfoque y exposición /
_cGerhard Kerff.
260 _aBarcelona :
_bOmega,
_c[1960] (
_fAgustín Núñez)
300 _a62 p. :
_bil. ;
_c16 cm.
852 _aES-MaACL
_jC-19537
_bR.46889
999 _c86088
_d86088